Tests of extruded magnesium cargo flooring for aircraft /

Bibliographic Details
Main Author: Liska, J. A. (Author)
Corporate Author: University of Wisconsin
Format: Government Document eBook
Language:English
Published: Madison, Wisconsin : United States Department of Agriculture, Forest Service, Forest Products Laboratory, 1954.
Series:Report (Forest Products Laboratory (U.S.)) ; no. 1550-I.
Subjects:
Online Access:https://purl.fdlp.gov/GPO/gpo54172

MARC

Tag First Indicator Second Indicator Subfields
LEADER 00000cam a2200000Ii 4500
001 in00003433765
005 20211120172813.0
006 m o d f
007 cr bn|||||||||
008 150122s1954 wiua ob f000 0 eng d
035 |a (OCoLC)ocn900604294 
040 |a GPO  |b eng  |e rda  |e pn  |c GPO  |d MvI  |d UtOrBLW 
043 |a n-us--- 
049 |a WWW 
074 |a 9999 (online) 
086 0 |a A 13.27/14:1550-I 
100 1 |a Liska, J. A.,  |e author. 
245 1 0 |a Tests of extruded magnesium cargo flooring for aircraft /  |c by J.A. Liska. 
264 1 |a Madison, Wisconsin :  |b United States Department of Agriculture, Forest Service, Forest Products Laboratory,  |c 1954. 
300 |a 1 online resource (50 unnumbered pages) :  |b illustrations. 
336 |a text  |b txt  |2 rdacontent 
337 |a computer  |b c  |2 rdamedia 
338 |a online resource  |b cr  |2 rdacarrier 
490 1 |a Report ;  |v no. 1550-I 
500 |a Title from title screen (viewed Dec. 23, 2014). 
500 |a "October 1954." 
500 |a Publication pre-dates Federal Depository Library Program (FDLP) item numbers. No FDLP item number has been assigned. 
500 |a "In cooperation with the University of Wisconsin." 
504 |a Includes bibliographical references. 
650 0 |a Transport planes  |x Equipment and supplies. 
650 0 |a Flooring  |x Testing. 
650 0 |a Strength of materials. 
710 2 |a Forest Products Laboratory (U.S.),  |e issuing body. 
710 2 |a University of Wisconsin. 
776 0 8 |i Print version:  |a Liska, J. A.  |t Tests of extruded magnesium cargo flooring for aircraft  |w (OCoLC)236091347 
830 0 |a Report (Forest Products Laboratory (U.S.)) ;  |v no. 1550-I. 
856 4 0 |u https://purl.fdlp.gov/GPO/gpo54172  |t 0 
999 |a MARS 
999 f f |s b7772e93-2b9e-3e3f-bde3-b5106905a37e  |i d5099a25-c3ab-3d3a-a1d0-c42babcf781b  |t 0 
952 f f |a Texas A&M University  |b College Station  |c Electronic Resources  |d Available Online  |t 0  |e A 13.27/14:1550-I  |h Superintendent of Documents classification 
998 f f |a A 13.27/14:1550-I  |t 0  |l Available Online